How holocausts happen (Record no. 197932)
[ view plain ]
| 000 -LEADER | |
|---|---|
| fixed length control field | 01567nam a2200373Ia 4500 |
| 082 04 - DEWEY DECIMAL CLASSIFICATION NUMBER | |
| Classification number | 327.730728 |
| 100 1# - MAIN ENTRY--AUTHOR NAME | |
| Personal name | Porpora, Douglas V. |
| 245 10 - TITLE STATEMENT | |
| Title | How holocausts happen |
| 260 ## - PUBLICATION, DISTRIBUTION, ETC. (IMPRINT) | |
| Place of publication | Philadelphia : |
| Name of publisher | Temple University Press, |
| Year of publication | 1990. |
| 300 ## - PHYSICAL DESCRIPTION | |
| Number of Pages | x, 224 p. |
| 650 #0 - SUBJECT ADDED ENTRY--TOPICAL TERM | |
| Topical Term | Holocaust, Jewish (1939-1945) |
| Topical Term | Atrocities |
| Topical Term | Apathy. |
| 856 40 - ELECTRONIC LOCATION AND ACCESS | |
| Uniform Resource Identifier | http://site.ebrary.com/lib/rucke/Doc?id=10388599 |
No items available.
